000 00649nam a2200241Ia 4500
003 OSt
005 20220925220612.0
006 a|||||r|||| 00| 0
007 ta
008 220923b |||||||| |||| 00| 0 eng d
037 _cGeneral Book
040 _aRTL
_cRTL
_beng
041 _2eng
_aeng
082 _aY2, K4;L4
100 _aCoser Rose Laub Ed.
_9277011
245 0 _aFamily
_b Its structures and functions
250 _a2
260 _aLondon
_bMacmillan
_c1974
300 _axxviii,604p
_ccm.
650 _aFamily Sociology
942 _hY2, K4;L4
_cGB
_2CC
999 _c571878
_d571878